Příklady z dynamiky dopravních staveb

Bibliographic Details
Main Author: Chyba, Václav (Author)
Format: Book
Language:Czech
PhysicalDescription:277 s. tab. 29 cm
Published: Bratislava Alfa 1985
Edition:2., nezm. vyd.
Series:Vysokoškolské učebné texty
Subjects:

MARC

LEADER 00000cam a2200000 a 4500
001 vtls001094978
003 SK-MaSNL
005 20260301062430.0
008 240517s1985 xo a f np 00000 cze
015 |a SNBA1985/08 
035 |a SNK000037820 
040 |a SNK  |b slo  |c SNK  |e AACR2 
041 0 |a cze 
044 |a xo  |c SK 
080 |a 625:531.3(075.8)  |2 1981 
080 |a 531.3(075.8)  |2 1981 
080 |a 531.3  |2 1981 
080 |a 625(075.8)  |2 1981 
100 1 |a Chyba, Václav  |4 aut  |9 376787 
245 1 0 |a Příklady z dynamiky dopravních staveb  |c Václav Chyba 
250 |a 2., nezm. vyd. 
260 |a Bratislava  |b Alfa  |c 1985  |e Bratislava  |f Západoslovenské tlačiarne 
300 |a 277 s.  |b tab.  |c 29 cm 
366 |e 300 výtl. 
490 1 |a Vysokoškolské učebné texty 
504 |a Obsahuje bibliografiu 
650 0 7 |a dopravné stavby  |2 SNKPH  |9 30389 
650 0 7 |a dynamika  |2 SNKPH  |9 3623 
655 7 |a učebnice vysokých škôl  |2 SNKPH  |9 70191 
830 0 |a Vysokoškolské učebné texty  |9 276539 
852 |a Slovenská národná knižnica 
954 |a odborná, vedecká literatúra cudzojazyčná (svetová)  |2 lita 
958 |a CZ 
958 |a NB 
958 |a TL 
958 |a UV 
958 |a OND 
999 |c 620632  |d 622562 
952 |t P60, <04>, [BOOK], {604}  |a SNK  |b SNK  |y VYP  |7 0  |p 17A0170537  |o snkSB 39134 D1  |0 0  |1 0  |4 0  |d 1998-11-27  |l 0  |r 2004-12-31 00:00:00  |w 2026-02-23 
952 |a SNK  |b SNK  |y PREZ  |7 0  |p 17A0811803  |o snkSB 39134  |0 0  |1 0  |4 0  |d 2012-05-28  |f 1  |l 0  |r 2025-04-23 00:00:00  |w 2026-02-23